Statystyki dla Waluty występujące w więcej niż jednym państwie

Kliknij tutaj aby rozwiązać quiz!

Ogólne statystyki

  • Ten quiz został rozwiązany 35 razy
  • Średni wynik to 9 z 18

Statystyki odpowiedzi

KrajeWaluta% Poprawnych
Antigua i Barbuda, Australia, Bahamy, Barbados, Belize, Brunei, Dominika, Ekwador, Fidżi, Grenada, Gujana, Jamajka, Kanada, Kiribati, Liberia, Mikronezja, Namibia, Nauru, Nowa Zelandia, Palau, Saint Kitts i Nevis, Saint Lucia, Saint Vincent i Grenadyny, Singapur, Stany Zjednoczone, Surinam, Timor Wschodni, Trynidad i Tobago, Tuvalu, Wyspy Marshalla, Wyspy Salomona, ZimbabweDolar
97%
Andora, Austria, Belgia, Cypr, Czarnogóra, Estonia, Finlandia, Francja, Grecja, Hiszpania, Holandia, Irlandia, Litwa, Luksemburg, Łotwa, Malta, Monako, Niemcy, Portugalia, San Marino, Słowacja, Słowenia, Watykan, WłochyEuro
97%
Czechy, Dania, Islandia, Norwegia, SzwecjaKorona
88%
Argentyna, Chile, Dominikana, Filipiny, Kolumbia, Kuba, Meksyk, UrugwajPeso
88%
Białoruś, RosjaRubel
88%
Egipt, Liban, Sudan, Sudan Południowy, Syria, Wielka BrytaniaFunt
82%
Benin, Burkina Faso, Burundi, Czad, Demokratyczna Republika Konga, Dżibuti, Gabon, Gwinea, Gwinea Bissau, Gwinea Równikowa, Kamerun, Komory, Kongo, Liechtenstein, Mali, Niger, Republika Środkowoafrykańska, Rwanda, Senegal, Szwajcaria, Togo, Wybrzeże Kości SłoniowejFrank
67%
Indie, Indonezja, Malediwy, Mauritius, Nepal, Pakistan, Seszele, Sri LankaRupia
55%
Algieria, Bahrajn, Irak, Jordania, Kuwejt, Libia, Serbia, TunezjaDinar
52%
Mołdawia, RumuniaLej
39%
Korea Południowa, Korea PółnocnaWon
33%
Arabia Saudyjska, Iran, Jemen, Katar, OmanRial
30%
Maroko, Zjednoczone Emiraty ArabskieDirham
27%
Kenia, Somalia, Tanzania, UgandaSzyling
15%
Kostaryka, SalwadorColon
9%
Malawi, ZambiaKwacha
9%
Azerbejdżan, TurkmenistanManat
6%
Kirgistan, UzbekistanSom
6%

Rozkład punktacji

Percentyl według liczby udzielonych odpowiedzi

Procent ludzi z każdym wynikiem

Twoja historia wyników

Nie rozwiązałeś tego quizu